Estudi d'un paisatge natural / Joan Culí, Fontsanta Porras, Agustí Pladevall
Publicado:
Barcelona :
Generalitat de Catalunya. Comissió Interdepartamental de Recerca i Innovació Tecnològica. CIRIT ,
1985
Descripción Física:
89 p. : il. ; 21 cm
Colección:
Premis CIRIT a la Joventut
Materias:
Ciències naturals -- Osona
MARC
| LEADER | 00000nam a2200000Ia 4500 | ||
|---|---|---|---|
| 001 | 1495 | ||
| 008 | 160829s1985 xx 000 0 cat d | ||
| 080 | |a C-1-340 | ||
| 100 | |a Culí, Joan |9 20655 | ||
| 245 | |a Estudi d'un paisatge natural / Joan Culí, Fontsanta Porras, Agustí Pladevall | ||
| 260 | |a Barcelona : |b Generalitat de Catalunya. Comissió Interdepartamental de Recerca i Innovació Tecnològica. CIRIT, |c 1985 | ||
| 300 | |a 89 p. : |b il. ; |c 21 cm | ||
| 490 | |a Premis CIRIT a la Joventut | ||
| 650 | |a Ciències naturals |x Osona |9 20656 | ||
| 700 | |a Porras, Fuensanta |9 20657 | ||
| 700 | |a Pladevall, Agustí |9 20658 | ||
| 710 | 1 | |a Catalunya. |b Comissió Interdepartamental de Recerca i Innovació Tecnològica |9 54974 | |
| 901 | |a Arxiu | ||
| 942 | |n 1 | ||
| 952 | |0 0 |1 0 |4 0 |6 C1340 |7 1 |9 41622 |a Arxiu |b Arxiu |d 2016-12-01 |l 0 |o C-1-340 |p 1495 |r 2016-12-01 00:00:00 |w 2016-12-01 |y ARXIU | ||
| 999 | |c 43512 |d 43512 | ||